<?xml version="1.0" encoding="UTF-8"?><?xml-stylesheet type="text/xsl" href="static/style.xsl"?><OAI-PMH xmlns="http://www.openarchives.org/OAI/2.0/" xmlns:xsi="http://www.w3.org/2001/XMLSchema-instance" xsi:schemaLocation="http://www.openarchives.org/OAI/2.0/ http://www.openarchives.org/OAI/2.0/OAI-PMH.xsd"><responseDate>2026-04-17T07:57:35Z</responseDate><request verb="GetRecord" identifier="oai:www.recercat.cat:10459.1/465589" metadataPrefix="marc">https://recercat.cat/oai/request</request><GetRecord><record><header><identifier>oai:recercat.cat:10459.1/465589</identifier><datestamp>2025-09-15T19:04:04Z</datestamp><setSpec>com_2072_3622</setSpec><setSpec>col_2072_479130</setSpec></header><metadata><record xmlns="http://www.loc.gov/MARC21/slim" xmlns:dcterms="http://purl.org/dc/terms/" xmlns:xsi="http://www.w3.org/2001/XMLSchema-instance" xmlns:doc="http://www.lyncode.com/xoai" xsi:schemaLocation="http://www.loc.gov/MARC21/slim http://www.loc.gov/standards/marcxml/schema/MARC21slim.xsd">
   <leader>00925njm 22002777a 4500</leader>
   <datafield ind2=" " ind1=" " tag="042">
      <subfield code="a">dc</subfield>
   </datafield>
   <datafield ind2=" " ind1=" " tag="720">
      <subfield code="a">Romero Morales, Yasmina</subfield>
      <subfield code="e">author</subfield>
   </datafield>
   <datafield ind2=" " ind1=" " tag="260">
      <subfield code="c">2018-12-19</subfield>
   </datafield>
   <datafield ind2=" " ind1=" " tag="520">
      <subfield code="a">El presente trabajo tiene como propósito detenerse en las características del Marruecos literario de la narrativa española de ficción escrita por mujeres durante el siglo XX. Un conjunto de sesenta y dos textos, y casi cinco mil páginas, que desarrollan su acción en el espacio marroquí, emplazamiento principal de sus tramas y componente que las engarza a todas. La lectura del espacio geográfico de estas fuentes nos devuelve un Marruecos imaginado por las autoras en el que destacan unas especiales conexiones de las coordenadas espacio-temporales a las que se aproximarán las próximas páginas.</subfield>
   </datafield>
   <datafield ind2=" " ind1=" " tag="520">
      <subfield code="a">This present work has the purpose to stop the characteristics of the literary Morocco of the Spanish narrative of fiction written by women during the twentieth century. A set of sixty-two texts, and nearly five thousand pages, which develop their action in the Moroccan space, main location of their storylines and components that connect them all. Reading the geographical space of these sources it returns to us Morocco imagined by the women authors in which it emphasizes special connections time-space to which the following pages will approach.</subfield>
   </datafield>
   <datafield tag="653" ind2=" " ind1=" ">
      <subfield code="a">Topografía literaria</subfield>
   </datafield>
   <datafield tag="653" ind2=" " ind1=" ">
      <subfield code="a">Alteridad</subfield>
   </datafield>
   <datafield tag="653" ind2=" " ind1=" ">
      <subfield code="a">Estudios de género</subfield>
   </datafield>
   <datafield tag="653" ind2=" " ind1=" ">
      <subfield code="a">Escritoras</subfield>
   </datafield>
   <datafield tag="653" ind2=" " ind1=" ">
      <subfield code="a">Marruecos</subfield>
   </datafield>
   <datafield tag="653" ind2=" " ind1=" ">
      <subfield code="a">Orientalismo</subfield>
   </datafield>
   <datafield ind2="0" ind1="0" tag="245">
      <subfield code="a">En un país muy lejano: tematización de Marruecos en la literatura española escrita por mujeres</subfield>
   </datafield>
   <datafield ind2="0" ind1="0" tag="245">
      <subfield code="a">In a faraway land: theming of Morocco in Spanish literature written by women</subfield>
   </datafield>
</record></metadata></record></GetRecord></OAI-PMH>